Focus (Record no. 84482)

MARC details
000 -LEADER
fixed length control field 00937cab a22002175a 4500
001 - CONTROL NUMBER
control field L157898
008 - FIXED-LENGTH DATA ELEMENTS--GENERAL INFORMATION
fixed length control field 130628e20130622xxk 000 0 eng d
035 ## - SYSTEM CONTROL NUMBER
System control number (Sirsi) u157898
041 0# - LANGUAGE CODE
Language code of text/sound track or separate title eng
100 1# - MAIN ENTRY--PERSONAL NAME
Personal name Thame, David
245 00 - TITLE STATEMENT
Title Focus
Remainder of title North West
490 ## - SERIES STATEMENT
Series statement Estates Gazette
Volume/sequential designation (1325) 22 June 2013, 75-97(17)
520 ## - SUMMARY, ETC.
Summary, etc. Includes information on possibe economic recovery noting that the number of planning applications in the north-west has returned to pre-recession levels, the effect of the proposed HS2 high-speed rail link on the area as some experts now doubt the potential economic benefits, how speculative office development could help the Chester raise its profile and the attraction of the city of Manchester for overseas investors.
590 ## - LOCAL NOTE (RLIN)
Local note KA
651 #4 - SUBJECT ADDED ENTRY--GEOGRAPHIC NAME
Geographic name Lancashire
651 #4 - SUBJECT ADDED ENTRY--GEOGRAPHIC NAME
Geographic name Cheshire
690 ## - LOCAL SUBJECT ADDED ENTRY--TOPICAL TERM (OCLC, RLIN)
Topical term or geographic name as entry element Commercial property
9 (RLIN) 6227
700 1# - ADDED ENTRY--PERSONAL NAME
Personal name Quinn, David
700 1# - ADDED ENTRY--PERSONAL NAME
Personal name Hamilton, Helen
942 ## - ADDED ENTRY ELEMENTS (KOHA)
Suppress in OPAC 0
Holdings
Withdrawn status Lost status Source of classification or shelving scheme Damaged status Not for loan Home library Current library Shelving location Date acquired Total Checkouts Full call number Barcode Date last seen Copy number Price effective from Koha item type
    Dewey Decimal Classification     London London Journal article 28/06/2013   L157898 157898-1001 06/08/2019 1 06/08/2019 Journal article